Responses for show #8111 - Monday, December 9, 2019

Jennifer Quail game 4.

Contestants

[<< previous game]

Ann Baur, a program manager from Seattle, Washington

Jeff Kushner, a health care regulator from Baltimore, Maryland

Jennifer Quail, a wine tasting consultant from Dowagiac, Michigan (whose 3-day cash winnings total $90,300)

[next game >>]

Jeopardy! Round responses

PEEK A CHOO-CHOO
GEO, DUDE
ODD-ISH
SLOWPOKE
NINE TALES
POKÉMON
    $200 1
Mt. Fuji

Ann
    $200 12
Daytona

Ann
    $200 4
the priest

Jennifer
    $200 17
crawl

Ann
    $200 16
December

Ann
    $200 26
Macy's Thanksgiving Day Parade

Ann
    $400 15
a turntable

Jennifer
    $400 9
Ottawa

Jennifer
    $400 5
cheese

Jennifer
    $400 18
tardy

Jennifer
    $400 24
The Martian Chronicles

Jennifer
    $400 27
Pokémon Go

Ann
    $600 8
The Polar Express

Jeff
    $600 2
Cannes

Ann
    $600 6
"Royals"

Ann
    $600 21
snail

Ann
    $600 23
A&P

Triple Stumper
    $600 28
evolution

Jeff
    $800 3
Scotsman

Jennifer
    $800 10
Bourbon Street

Jennifer
    $800 14
a press conference

Jennifer
    $800 13
lag

Jennifer
    $800 22
Jeeves

Jennifer
    $800 29
a trainer

Jennifer
    $1000 7
(J.M.W.) Turner

Jennifer
    $1000 11
Lake Erie

Jennifer
    $1000 19
a panda cam

Ann
    $1000 20
phlegmatic

Triple Stumper
    $1,500 25
man (us)

Jennifer

Scores at the first commercial break (after clue 15):

Jennifer Jeff Ann
$6,600 $600 $1,600

Scores at the end of the Jeopardy! Round:

Jennifer Jeff Ann
$10,500 $1,200 $4,200

Double Jeopardy! Round responses

QUOTES OF NOTE
REAL & UNREAL PLACES
ELECTED TWICE TO THE ROCK HALL OF FAME
FROM "C" TO SHINING "C"
PSYCHOLOGY JARGON
HAVE AN ARTSY CHRISTMASTIME
    $400 22
(Alex: Less than a minute now.)

Churchill

Ann
    $400 15
Voldemort

Jennifer
    $400 8
Jimmy Page

Ann
    $400 3
The Nutcracker

Jennifer
    $800 24
guilty and innocent

Jennifer
    $800 16
Queensland

Ann
    $800 1
(Eric) Clapton

Ann
    $800 4
Edward Scissorhands

Jeff
    $1200 25
baseball

Jennifer
    $1200 18
Lilliput

Ann
    $1200 5
Lou Reed

Jeff
    $1200 11
(Ann: What is crostic?)

cryptic

JenniferAnn
    $1200 9
an archetype

Triple Stumper
    $1200 12
Nativity

Jennifer
    $1600 26
(Jeff: Uh, what is to come out, of the closet?)
(Ann: What is get married, when, you're, um--[*]?)
(Alex: Thank you.)
...
[The end-of-round signal sounds.]

gay marriage

JeffAnn
    $1600 19
(Jennifer: What is Dante's Inferno?)
(Jeff: What is The Divine Comedy?)

Paradise Lost

JenniferJeff
Triple Stumper
    $1600 6
Rod Stewart

Jeff
    $1600 10
a cleric

Jeff
    $1600 2
dissonance

Jennifer
    $4,000 13
Hansel and Gretel

Jennifer
    $2000 23
(Alex: [*], the war.)

la guerre

Jennifer
    $2000 20
Godwin

Triple Stumper
    $2000 7
Stephen Stills

Jeff
    $5,000 17
cathartic

Ann
    $2000 21
(Ann: What is [*]?)
[Ann's response was ruled incorrect and the decision was reversed after the break.]

dissociative (*disassociative)

JenniferAnn
    $2000 14
(Jennifer: Who is Handel?)

Johann Sebastian Bach

Jennifer
Triple Stumper

Scores at the end of the Double Jeopardy! Round:

Jennifer Jeff Ann
$21,700 $5,200 $15,200

[wagering suggestions for these scores]

Final Jeopardy! Round responses

VICE PRESIDENTS
JeffWho is Jackson
$5,198
AnnWho was Jackson?
$8,701
JenniferWho is Martin van Buren?
$11,300
Martin Van Buren

Final scores:

Jennifer Jeff Ann
$33,000 $2 $6,499
4-day champion: $123,300 3rd place: $1,000 2nd place: $2,000

Game dynamics:

Coryat scores:

Jennifer Jeff Ann
$18,800 $5,200 $12,200
25 R
(including 2 DDs),
2 W
7 R,
2 W
18 R
(including 1 DD),
1 W

Combined Coryat: $36,200

The J! Archive is created by fans, for fans. The Jeopardy! game show and all elements thereof, including but not limited to copyright and trademark thereto, are the property of Jeopardy Productions, Inc. and are protected under law. This website is not affiliated with, sponsored by, or operated by Jeopardy Productions, Inc. Join the discussion at JBoard.tv.